| АИС "Историко-культурное наследие Беларуси" | ||
| Базовый | Расширенный | Профессиональный | Словарь персоналий | Тематический словарь | По видам объектов | История запросов Заказы | Регистрация | |
Запись в MARC-формате
| копировать MARC-запись |
=LDR 00000cx\\c2200229\\\45\\
=001 BY-NLB-ar43536
=005 20160209133928.9
=100 \\$a20001231arusy50\\\\\\ca0
=152 \\$apsbo
=160 \\$ae-ic
=215 \\$aИсландия
=300 1\$aС 9 в. территория заселялась норвежцами. В 1262--1264 гг. подчинена Норвегией, вместе с которой в 1397 г. перешла под власть Дании. В 1918 г. заключена датско-исландская уния. В 1944 г. провозглашена Республика Исландия (официальное название). Столица - г. Рейкьявик.
=356 \\$aНаходится на острове Исландия в северной части Атлантического океана.
=415 \\$8rusice$7ca0yba0y$aÍsland
=415 \\$aРеспублика Исландия
=801 \2$aBY$bBY-HM0000$c20071002
=801 \0$aBY$bBY-HM0000$c20001231
=801 \1$aBY$bBY-HM0000$c20040804
=810 \\$aБольшая энциклопедия. Т. 19. – М., 2006.
=810 \\$aГеографический энциклопедический словарь : геогр. назв. – М., 2003.
=810 \\$aБеларуская энцыклапедыя. Т. 7. – Мн., 1998.
=999 \\$g2786$t20071002
Чтобы вернуться назад, щелкните кнопку BACK на Вашем браузере